000
00298nam a2200121 a 4500
008
101025s1983|||| d
100
1
_a
Makanin, Vladimír
245
1
0
_a
Portrét s pozadím
260
_b
Slovenský spisovateľ
_a
Bratislava
_c
1983
020
_c
16
041
_a
slo
044
_a
xo
_c
SK
999
_c
12184
_d
12184